LEADER 01319nam a2200289 i 4500 001 000000145292 003 CaOOAMICUS 005 20051122000000.0 008 051122s1994 it u000 u ita u 013 $a120684 020 $a88-202-1112-2 040 $aSeMil$bita 100 1 $aChagall, Marc <1887-11985>.$0(OLS)http://semarc/name/19029 245 10$aMarc Chagall :$bil teatro dei sogni /$cCristina Cappa Legora. 260 $aMilano :$bMazzotta,$ccopyr. 1994. 300 $a114 p. :$briccamente ill. ;$c20 cm. 490 0 $aMazzotta ragazzi 500 $aCatalogo pubblicato in occasione della mostra "Marc Chagall, Il Teatro dei sogni", tenuta a Milano, 25 settembre 1994-12 marzo 1995. - Contiene : Glossario. 650 4$aChagall, Marc <1887-1985> - Esposizioni - 1994-1995.$0(OLS)http://semarc/subject/23775 700 1 $aCappa Legora, Cristina.$0(OLS)http://semarc/name/57959 830 0$aMazzotta ragazzi.$0(OLS)http://semarc/title/19588 850 $aSeMil 852 $aSeMil$W1$xVenegono$y1$m5R I 81$j98105$B98105$CSeMilBibl$Z2$F106000 $81 961 $aOmaggio: Altro 996 $6020$a88-202-1112-2$9(OLS)http://semarc/number/133750 996 $6245$aMarc Chagall :$bil teatro dei sogni$9(OLS)http://semarc/title/212520 996 $6260$aMilano :$bMazzotta$9(OLS)http://semarc/publisher/32846 LEADER 00848nam a2200193 i 4500 001 000000054492 003 CaOOAMICUS 005 19970521000000.0 008 970521n it u000 u ita u 013 $a25664 040 $aSeMil$bita 100 1 $aPederzini, Novello.$0(OLS)http://semarc/name/22394 245 12$aL'apporto di Papa Benedetto 14. alla dottrina e alla disciplina del matrimonio. 600 04$aBenedetto XIV .$0(OLS)http://semarc/subject/3783 650 4$aMatrimonio (Sacramento) - Storia.$0(OLS)http://semarc/subject/5629 650 4$aTesi di laurea.$0(OLS)http://semarc/subject/1690 850 $aSeMil 852 $aSeMil$W1$xVenegono$y1$m2I I 566$j20646$B20646$CSeMilBibl$Z2$F20648 $81 996 $6245$aL'apporto di Papa Benedetto 14. alla dottrina e alla disciplina del matrimonio$9(OLS)http://semarc/title/84347